LEADER 02928nam 2200601 a 450 001 9910458054003321 005 20200520144314.0 010 $a0-8386-4331-0 035 $a(CKB)2560000000052688 035 $a(OCoLC)694146114 035 $a(CaPaEBR)ebrary10426301 035 $a(SSID)ssj0000487356 035 $a(PQKBManifestationID)12193878 035 $a(PQKBTitleCode)TC0000487356 035 $a(PQKBWorkID)10442580 035 $a(PQKB)10756101 035 $a(MiAaPQ)EBC3115994 035 $a(Au-PeEL)EBL3115994 035 $a(CaPaEBR)ebr10426301 035 $a(EXLCZ)992560000000052688 100 $a20070406d2008 uy 0 101 0 $aeng 135 $aurcn||||||||| 181 $ctxt 182 $cc 183 $acr 200 00$aShakespeare re-dressed$b[electronic resource] $ecross-gender casting in contemporary performance /$fedited by James C. Bulman 210 $aMadison [NJ] $cFairleigh Dickinson University Press$dc2008 215 $a1 online resource (255 p.) 300 $aBibliographic Level Mode of Issuance: Monograph 311 $a0-8386-4114-8 320 $aIncludes bibliographical references and index. 327 $aCross-dressing, drag, and passing: slippages in Shakespearean comedy / Jennifer Drouin -- Acting against the rules: remembering the eroticism of the Shakespearean boy actress / Roberta Barker -- Bringing Cheek by Jowl's As you like it out of the closet: the politics of queer theater / James C. Bulman -- Rosalind's breast / Cary M. Mazer -- Unaccommodated woman: Mabou Mines' Lear, the universal, and the particular in performance / P.A. Skantze -- Prospera's brave new world: cross-cast oppression and the four-fold player in the Georgia Shakespeare Festival's Tempest / Andrew James Hartley -- "A queen in a beard": a study of all-female Shakespeare companies / Melissa D. Aaron -- Re-dressing the balance: all-female Shakespeare at the Globe Theatre / Elizabeth Klett -- Constructing femininity in the new Globe's all-male Antony and Cleopatra / Robert Conkie -- Performing gender at the Globe: the technologies of the cross-dressed actor / Judith Rose -- Unsex me here: male cross-dressing at the new Globe / James C. Bulman. 606 $aTheater$xCasting$xHistory$y20th century 606 $aSex role in the theater 606 $aGender identity in the theater 606 $aHomosexuality and theater 606 $aFeminism and theater 608 $aElectronic books. 615 0$aTheater$xCasting$xHistory 615 0$aSex role in the theater. 615 0$aGender identity in the theater. 615 0$aHomosexuality and theater. 615 0$aFeminism and theater. 676 $a792.9/5 701 $aBulman$b James C.$f1947-$0702766 801 0$bMiAaPQ 801 1$bMiAaPQ 801 2$bMiAaPQ 906 $aBOOK 912 $a9910458054003321 996 $aShakespeare re-dressed$92186160 997 $aUNINA LEADER 01314nas 2200505- 450 001 996203422103316 005 20191207055848.4 011 $a1347-3735 035 $a(OCoLC)882616418 035 $a(CKB)111054751708014 035 $a(CONSER)--2014243465 035 $a(DE-599)ZDB2135547-2 035 $a(NjHacI)99111054751708014 035 $a(EXLCZ)99111054751708014 100 $a19950127a19999999 --- - 101 0 $aeng 135 $aur||||||||||| 181 $ctxt$2rdacontent 182 $cc$2rdamedia 183 $acr$2rdacarrier 200 00$aBreeding science 210 1$a[Tokyo] :$cJapanese Society of Breeding,$d1999- 215 $a1 online resource 300 $aRefereed/Peer-reviewed 311 $a1344-7610 531 $aBREEDING SCI 531 $aBREED SCI 531 $aBREED. SCI 531 10$aBreed Sci 606 $aBreeding$vPeriodicals 606 $aBreeding$2fast$3(OCoLC)fst00838434 606 $aBreeding 608 $aPeriodical. 608 $aPeriodicals.$2fast 615 0$aBreeding 615 7$aBreeding. 615 12$aBreeding. 676 $a575.15 712 02$aNihon Ikushu Gakkai, 801 0$bNjHacI 801 1$bNjHacl 906 $aJOURNAL 912 $a996203422103316 996 $aBreeding science$92238006 997 $aUNISA